00464pab a2200157 454500008004000000100002100040245010000061260000900161300001500170362000800185650001800193650001800211650002200229700002100251773003400272180718b2011 xxu||||| |||| 00| 0 eng d aKurtz, Marcus J. aConditioning the "resource curse": Globalization, human capital, and growth in oil-rich nations c2011 ap.747-770. aJun aHuman capital aGlobalization aNatural resources aBrooks, Sarah M. aComparative Political Studies